Movies Quiz

Random Movies or Box Office Quiz

Top Grossing Films By Year (2000s) Quiz Stats

 Plays Quiz Updated Aug 28, 2012

Challenge
Share
Tweet
Embed
Score 0/100 Timer 10:00
1 Play Today
Year Movie % Correct
2009Avatar
81.3%
2008The Dark Knight
74.1%
2002Harry Potter and the Chamber of Secrets
73.2%
2005Harry Potter and the Goblet of Fire
73.1%
2004Harry Potter and the Prisoner of Azkaban
73.1%
2009Harry Potter and the Half-Blood Prince
72.9%
2001Harry Potter and the Philosopher's/Sorcerer's Stone
72.9%
2007Harry Potter and the Order of the Phoenix
72.8%
2002The Lord of the Rings: The Two Towers
67.9%
2003The Lord of the Rings: The Return of the King
67.9%
2001The Lord of the Rings: The Fellowship of the Ring
66.8%
2002Spider-Man
65.6%
2007Spider-Man 3
64.6%
2005Batman Begins
64.6%
2004Spider-Man 2
61.9%
2009Up
55.6%
2001Shrek
52.6%
2004Shrek 2
52.2%
2007Shrek the Third
52%
2005Star Wars: Episode III - Revenge of the Sith
51.5%
2002Star Wars: Episode II - Attack of the Clones
51.2%
2003Finding Nemo
50.4%
2006Cars
49.5%
2006Pirates of the Caribbean: Dead Man's Chest
48.8%
2008Twilight
48.2%
2007Pirates of the Caribbean: At World's End
48.2%
2003Pirates of the Caribbean: The Curse of the Black Pearl
47.9%
2008Iron Man
47.9%
2009The Twilight Saga: New Moon
46%
2007Transformers
45.9%
2009Transformers: Revenge of the Fallen
45%
2000X-Men
43.1%
2008WALL-E
43.1%
2006X-Men: The Last Stand
42.3%
Year Movie % Correct
2003X2
42.1%
2004The Incredibles
41.6%
2001Monsters, Inc.
38.9%
2006Superman Returns
38.4%
2009The Hangover
37.2%
2000Gladiator
34.7%
2000Mission: Impossible II
33.4%
2008Indiana Jones and the Kingdom of the Crystal Skull
33.1%
2001Ocean's Eleven
28.9%
2002Ice Age
28.4%
2006Casino Royale
28.3%
2009Star Trek
27.5%
2006Ice Age: The Meltdown
24.7%
2008Quantum of Solace
24.3%
2007The Bourne Ultimatum
24%
2004The Bourne Supremacy
23.6%
2002Men in Black II
23.5%
2003The Matrix Reloaded
23.3%
2005Madagascar
23.2%
2007I Am Legend
22.7%
2008Madagascar: Escape 2 Africa
22.6%
2008Hancock
22.3%
2003Terminator 3: Rise of the Machines
22%
2003The Matrix Revolutions
19.9%
2005The Chronicles of Narnia: The Lion, the Witch and the Wardrobe
19.5%
2005Wedding Crashers
19.3%
2000Meet the Parents
19.1%
2004Meet the Fockers
18.8%
2008Kung Fu Panda
18.6%
2005War of the Worlds
18.5%
2002Chicago
17.9%
2004The Passion of the Christ
17.7%
2009The Blind Side
17.6%
2007300
17.4%
Year Movie % Correct
2009Sherlock Holmes
17%
2000Cast Away
16.8%
2005Mr. & Mrs. Smith
16.4%
2006The Da Vinci Code
16.3%
2005King Kong
16.1%
2006Night at the Museum
16%
2002Austin Powers in Goldmember
15.1%
2000How the Grinch Stole Christmas
14.8%
2001Jurassic Park III
14.4%
2004National Treasure
13.7%
2007National Treasure: Book of Secrets
13.5%
2005Charlie and the Chocolate Factory
13.4%
2006Happy Feet
12.9%
2003Bruce Almighty
12.7%
2004The Day After Tomorrow
12.4%
2003Elf
11.5%
2001Rush Hour 2
11.1%
2002Signs
10.6%
2001Pearl Harbor
10.5%
2006The Pursuit of Happyness
10.5%
2000Scary Movie
10.4%
2007Alvin and the Chipmunks
9%
2004The Polar Express
8.9%
2001The Mummy Returns
8.8%
2002My Big Fat Greek Wedding
8.8%
2009Alvin and the Chipmunks: The Squeakquel
8.7%
2001Planet of the Apes
8.2%
2000What Women Want
7.2%
2000The Perfect Storm
6.8%
2008Horton Hears a Who
6.6%
2000What Lies Beneath
6.3%
2003Cheaper by the Dozen
4.6%

You're not logged in!

Compare scores with friends on all Sporcle quizzes.
OR
Log In

You Might Also Like...

Show Comments

Extras

Top Quizzes Today


Score Distribution

Your Account Isn't Verified!

In order to create a playlist on Sporcle, you need to verify the email address you used during registration. Go to your Sporcle Settings to finish the process.

Report this User

Report this user for behavior that violates our Community Guidelines.

Details: